Quizzes
Events
Quiz Creation
Community
Videos
Private Events
Remove Ads
Sign In
Join for FREE
Feedback
Dark Mode
Quiz Categories
Sports
Geography
Music
Movies
Television
Just For Fun
Miscellaneous
History
Literature
Language
Science
Gaming
Entertainment
Religion
Holiday
For Kids
Quiz Lab
Recent
Popular Today
Quiz Kudos Today
Editor Picks
Curator Picks
Quizzes by...
Day
Popularity
Type
Ratings
Length
Year
Community
Subscriptions
Recent Discussions
Orange Saloon
Badges
Playlists
Quests
Create
Leaderboards
Showdown
Live 5
Trivia Bingo
Activity
Puzzle Library
Sporcle Events
Private Events
Virtual Trivia
Globe League
Become a Host
Pub Owners
SporcleCon
Opinionation
Our Games
Videos
Blog
Mobile Apps
Partnerships
Remove Ads and Go Orange
Feedback
Holiday
Halloween
Christmas
Holiday Songs
April Fools'
Thanksgiving
Valentine's Day
Easter
St Patrick's Day
National Holiday
Religious Holiday
Holiday
Halloween
Christmas
Holiday Songs
April Fools'
Thanksgiving
Valentine's Day
Easter
St Patrick's Day
National Holiday
Religious Holiday
Random Quiz
Search Sporcle
×
Quiz Lab
Quiz Lab
Holiday
Religious Holiday
Type in answers that appear in a list
Type in answers that appear in a list
Classic
Best Score? Go Orange.
Muppet Family Christmas Songs Stats
Can you name the Christmas songs performed in A Muppet Family Christmas?
By
ramurphy2005
10m
22 Questions
169 Plays
169 Plays
169 Plays
Comments
Comments
Give Quiz Kudos
Give Quiz Kudos
-
- Ratings
hide this ad
Replay
Link that replays current quiz
Next Quiz
Link to next quiz in quiz playlist
You Got
0%
They Got
Avg Score
59%
Avg Friend Score
Upgrade to see
Score Distribution
Jump to the score distribution portion of the page
Score
0/22
Timer
10:00
0
Plays Today
Singers
Christmas Song
% Correct
Kermit and Robin
Jingle Bells
87.6%
Dr. Teeth and the Electric Mayhem
Jingle Bell Rock
79.9%
The Muppets
We Need a Little Christmas
74.6%
Sesame Street Characters
Deck the Halls
70.4%
Fraggles
Pass It On
68%
Muppet Chorus
We Wish You a Merry Christmas
65.1%
Fozzie Bear and Snowman
Sleigh Ride
63.3%
Fozzie and Mrs. Bear
I'll Be Home For Christmas
63.3%
Count Von Count
I Saw Three Ships
62.1%
Big Bird and Swedish Chef
The Christmas Song
59.2%
Muppet Babies
Santa Claus is Coming to Town
57.4%
Singers
Christmas Song
% Correct
Robin and Muppet Chorus
It's In Every One of Us
56.2%
Miss Piggy and Kermit
Have Yourself a Merry Little Christmas
54.4%
Janice and Floyd
The Holly and the Ivy
54.4%
Muppet Chorus
Happy Holidays
53.8%
Muppet Chorus
We'll Be Together on Christmas
52.1%
Gonzo the Great and Muppet Chorus
Good King Wenceslas
51.5%
Sesame Street Characters
Here We Come A-Caroling
50.9%
Miss Piggy
(There's No Place Like) Home for the Holidays
49.1%
Scooter, Chickens, and Muppet Chorus
Ding Dong Merrily on High
47.9%
Statler and Waldorf
I Heard the Bells on Christmas Day
42.6%
Snowman, Bunsen, Beaker, and Muppet Chorus
Caroling, Caroling
41.4%
Quiz Playlist
Details
Report
Send in Message
Add To Playlist
Classic:
Type in answers that appear in a list
Last Updated: Feb 16, 2017
Quiz Scoreboard
CHALLENGE
Sign Up to Join the Scoreboard
Show All
Scores
Hide
Comments
May contain spoilers
Recently Published
College Basketball Coaching Resumes
by pancakes188
Sports
9m
Billboard Blitz: Fleetwood Mac
by CooCooCachoo
Music
15s
Presidents Visiting Landmarks
by Hejman
History
7m
More to Explore
Quiz From the Vault
Featured Blog Post
Where Did the Easter Bunny Come From?
hide this ad
You Might Also Like...
Tags
Christmas Quiz
Holiday Songs Quiz
Religious Holiday Quiz
Today's Top Quizzes in Holiday
Browse Holiday
hide this ad
Today's Top Quizzes in Religious Holiday
Browse Religious Holiday
Top Contributed Quizzes in Holiday
1
5-to-1: Holiday Songs
2
5-to-1: Thanksgiving
3
Easter - Did You Know?
4
Word Ladder: Four Leaf Clover
5
Show What You Know: US Federal Holidays
6
3-per Word Ladder: Listen Up!
7
Slices of Holidays
8
Who Does Mariah Carey Want For Christmas?
9
A 50/50 Shot: Christmas Edition
10
Holidays Spelling Bee
Explore More
Trending Topics
Kpop
Disney
Marvel
Crossword
NBA
Harry Potter
Anime
NFL
Puzzle
Soccer
WWE
Song
Pokémon
Country
The Office
hide this ad
More By:
ramurphy2005
Quiz
Plays
Rating
Category
Featured
Created
'Christmas Time Is Here' Lyrics
21,679
4.53
Holiday
Dec 4, 2011
Disney Movies in French
4,068
4.28
Movies
Oct 10, 2011
Quick Pick: Jim Henson Muppets
3,353
4.50
Just For Fun
Feb 22, 2016
Broadway Songs (clickable)
863
5.00
Entertainment
Mar 30, 2012
Conditional Tense French Verbs
412
Language
Sep 2, 2016
Go to Creator's Profile
Score Distribution
Quiz Creator Spotlight
ramurphy2005
Follow
Send a Message
Quizzes Created
-
Created Quiz Play Count
-
More By This Creator
Popular Quizzes Today
1
Find the US States - No Outlines Minefield
2
Find the Countries of Europe - No Outlines Minefield
3
The Countries of the World
4
Find the US States
5
Risky Map Clicking: Biggest States A-Z
6
US States
7
Popular People in 1961
8
Movies - When Are They Set?
More Holiday Quizzes
Christmas Movies A-Z
Published
Trending Quizzes
Risky Map Clicking: Least Populous States A-Z
1-10 Letter G Words
1-10 Letter F Words
Risky Map Clicking: Next State Alphabetically
Risky Map Clicking: Biggest States A-Z
Recently Updated
Leaping Animals
pecheneg
Reality TV Shows (A-Z)
bhenderson79
Rickey Henderson's Hall of Fame Teammates
pecheneg
Champions League XIs: Arsenal
pecheneg
Quick Pick: Celebrities in WWE's Hall of Fame
aduchscher
A-Z Keypad Blitz II
pecheneg
Multiple Oscar Actors
pecheneg
Mystery Phrase Blitz: Oscar 'Best Actors'
pecheneg
F. Scott Fitzgerald Novels
LTH
Pick 3 Villains
ddd62291
Trending Topics
Kpop
Crossword
Marvel
Anime
Disney
NBA
Harry Potter
Country
Puzzle
Song
The Office
Pokémon
WWE
Soccer
NFL
Your Account Isn't Verified!
In order to create a playlist on Sporcle, you need to verify the email address you used during registration. Go to your
Sporcle Settings
to finish the process.
Report this User
Report this user for behavior that violates our
Community Guidelines
.
Details:
Send Report
Go to the Sporcle.com Mobile Site →
Comments